ELEMENTARY STATISTICS, (Record no. 5253)

MARC details
005 - DATE AND TIME OF LATEST TRANSACTION
control field 20250626084741.0
020 ## - INTERNATIONAL STANDARD BOOK NUMBER
International Standard Book Number 0-47142-0
082 ## - DEWEY DECIMAL CLASSIFICATION NUMBER
Classification number 519.5PEL.
100 ## - MAIN ENTRY--PERSONAL NAME
Author name PELOSI, K.M.
245 ## - TITLE STATEMENT
Title ELEMENTARY STATISTICS,
260 ## - PUBLICATION, DISTRIBUTION, ETC.
Place of publication, distribution, etc. New York,
Name of publisher, distributor, etc. John Wiley & Sons, INC.
Date of publication, distribution, etc. 2003.
300 ## - PHYSICAL DESCRIPTION
Extent xxii.; 773p.; Ill.; picture, table,
Other physical details Index,
Dimensions 28cm.
700 ## - ADDED ENTRY--PERSONAL NAME
Other authors/Editors SANDIFER, M. T.
942 ## - ADDED ENTRY ELEMENTS (KOHA)
Source of classification or shelving scheme Dewey Decimal Classification
Koha item type Books
Holdings
Date last seen Total checkouts Full call number Barcode Cost, replacement price Price effective from Koha item type Lost status Source of classification or shelving scheme Damaged status Not for loan Withdrawn status Home library Current library Date acquired Cost, normal purchase price
06/26/2025   519.5 PEL DOM0001033 315000.00 06/26/2025 Books   Dewey Decimal Classification       CBE Dodoma CBE Dodoma 04/26/2010 105000.00